000
00288nam a22000857a 4500
008
211216b ||||| |||| 00| 0 eng d
100
_a
Robert A Siegel
245
_a
The A Murl Kimmel Collection
_b
Union Patriotic Covers and Confederate States
650
_a
Union Patriotic Covers|Confederate States
999
_c
3238
_d
3238